Contrôle de qualité des réactifs groupages sanguins Abo et Rh utilisés au SDTS/B-A (Record no. 46949)
[ view plain ]
| 000 -LEADER | |
|---|---|
| fixed length control field | 00692nam a22002417a 4500 |
| 003 - CONTROL NUMBER IDENTIFIER | |
| control field | 0 |
| 005 - DATE AND TIME OF LATEST TRANSACTION | |
| control field | 20160609165409.0 |
| 008 - FIXED-LENGTH DATA ELEMENTS--GENERAL INFORMATION | |
| fixed length control field | 100212t xxu||||| |||| 00| 0 eng d |
| 037 ## - SOURCE OF ACQUISITION | |
| Stock number | M15545 |
| Source of stock number/acquisition | BIBLIO |
| 040 ## - SOURCE DU CATALOGAGE | |
| Original cataloging agency | BUAC |
| Language of cataloging | F |
| Transcribing agency | BEPAC |
| 082 ## - DEWEY DECIMAL CLASSIFICATION NUMBER | |
| Classification number | 27.ABM/ALI |
| 100 ## - VEDETTE PRINCIPALE - NOM DE PERSONNE | |
| Personal name | Alidou , Sanad B. |
| 9 (RLIN) | 3611 |
| 130 ## - VEDETTE PRINCIPALE - TITRE UNIFORME | |
| Language of a work | fr |
| 9 (RLIN) | 10866 |
| 245 ## - TITLE STATEMENT | |
| Title | Contrôle de qualité des réactifs groupages sanguins Abo et Rh utilisés au SDTS/B-A |
| 260 ## - PUBLICATION, DISTRIBUTION, ETC. (IMPRINT) | |
| Place of publication, distribution, etc | UAC-EPAC |
| Name of publisher, distributor, etc | UAC-EPAC |
| Date of publication, distribution, etc | 2007-2008 |
| 300 ## - PHYSICAL DESCRIPTION | |
| Extent | II-59p |
| Dimensions | 29cm |
| 500 ## - GENERAL NOTE | |
| General note | Mem Ecole Polytechnique d'Abomey Calavi |
| 650 ## - SUBJECT ADDED ENTRY--TOPICAL TERM | |
| Topical term or geographic name as entry element | SANG |
| 9 (RLIN) | 3612 |
| 650 ## - SUBJECT ADDED ENTRY--TOPICAL TERM | |
| Topical term or geographic name as entry element | SANG |
| 9 (RLIN) | 3612 |
| 650 ## - SUBJECT ADDED ENTRY--TOPICAL TERM | |
| Topical term or geographic name as entry element | GROUPAGE |
| 9 (RLIN) | 3612 |
| 700 ## - ADDED ENTRY--PERSONAL NAME | |
| Personal name | Demanou , Solange S. |
| 9 (RLIN) | 3613 |
| 942 ## - ADDED ENTRY ELEMENTS (KOHA) | |
| Koha item type | Thèse et Memoire |
| Withdrawn status | Lost status | Damaged status | Not for loan | Location (home branch) | Sublocation or collection (holding branch) | Date acquired | Source of acquisition | Koha issues (times borrowed) | Koha full call number | Piece designation (barcode) | Koha date last seen | Copy number | Price effective from | Koha item type |
|---|---|---|---|---|---|---|---|---|---|---|---|---|---|---|
| Bibliothèque Ecole Polytechnique d'Abomey-Calavi | Bibliothèque Ecole Polytechnique d'Abomey-Calavi | 12/11/2010 | Dépot légal | 27./ABM/ALI | R16101EPAC | 12/11/2010 | 1 | 12/11/2010 | Thèse et Memoire | |||||
| Bibliothèque Ecole Polytechnique d'Abomey-Calavi | Bibliothèque Ecole Polytechnique d'Abomey-Calavi | 12/11/2010 | Dépot légal | 27./ABM/ALI | R16102EPAC | 12/11/2010 | 2 | 12/11/2010 | Thèse et Memoire | |||||
| Bibliothèque Ecole Polytechnique d'Abomey-Calavi | Bibliothèque Ecole Polytechnique d'Abomey-Calavi | 12/11/2010 | R16103 | 27./ABM/ALI | R16103EPAC | 12/11/2010 | 3 | 12/11/2010 | Thèse et Memoire |